| 000 | 00489nam a2200145Ia 4500 | ||
|---|---|---|---|
| 008 | 170221s9999 xx 000 0 und d | ||
| 100 | _aCarl A. Kogut | ||
| 245 | _aIs baseball recession-proof? | ||
| 245 | _cCarl A. Kogut, University of Louisiana at Monroe; Paul S. Nelson, University of Louisiana at Monroe. | ||
| 260 | _bJournal of Management and Marketing Research | ||
| 260 | _c2012 | ||
| 300 | _a6 : | ||
| 650 | _xBusiness | ||
| 856 | _uhttp://www.aabri.com/manuscripts/131553.pdf | ||
| 999 |
_c313399 _d313399 |
||